Financial accounting and reporting / (Record no. 25838)

MARC details
000 -LEADER
fixed length control field 00769cam a22002535a 4500
001 - CONTROL NUMBER
control field 4469177
005 - DATE AND TIME OF LATEST TRANSACTION
control field 20180102115916.0
008 - FIXED-LENGTH DATA ELEMENTS--GENERAL INFORMATION
fixed length control field 960124t1997 ilua frb 001 0 eng d
020 ## - INTERNATIONAL STANDARD BOOK NUMBER
International Standard Book Number 0256167133
020 ## - INTERNATIONAL STANDARD BOOK NUMBER
International Standard Book Number 9780256167137
040 ## - CATALOGING SOURCE
Original cataloging agency DLC
Transcribing agency DLC
Modifying agency DLC
-- EG-ScBUE
Language of cataloging eng
082 04 - DEWEY DECIMAL CLASSIFICATION NUMBER
Classification number 657.3
Edition number 22
Item number FIN
245 00 - TITLE STATEMENT
Title Financial accounting and reporting /
Statement of responsibility, etc Mark E. Haskins ... [et al.]
250 ## - EDITION STATEMENT
Edition statement 2nd ed.
260 ## - PUBLICATION, DISTRIBUTION, ETC. (IMPRINT)
Place of publication, distribution, etc Chicago :
Name of publisher, distributor, etc Irwin,
Date of publication, distribution, etc c.1997.
300 ## - PHYSICAL DESCRIPTION
Extent 1 v. (various pagings) :
Other physical details ill. ;
Dimensions 26 cm.
504 ## - BIBLIOGRAPHY, ETC. NOTE
Bibliography, etc Includes bibliographical references and index.
650 #7 - SUBJECT ADDED ENTRY--TOPICAL TERM
Topical term or geographic name as entry element Financial statements.
Source of heading or term BUEsh
9 (RLIN) 4982
650 #7 - SUBJECT ADDED ENTRY--TOPICAL TERM
Topical term or geographic name as entry element Corporations
General subdivision Accounting.
Source of heading or term BUEsh
651 ## - SUBJECT ADDED ENTRY--GEOGRAPHIC NAME
Source of heading or term BUEsh
653 ## - INDEX TERM--UNCONTROLLED
Resource For college Generalities
Arrived date list January2018
700 1# - ADDED ENTRY--PERSONAL NAME
Personal name Haskins, Mark E.
942 ## - ADDED ENTRY ELEMENTS (KOHA)
Source of classification or shelving scheme Dewey Decimal Classification
Holdings
Withdrawn status Item status Source of classification or shelving scheme Damaged status Not for loan Home library Current library Shelving location Date acquired Total Checkouts Full call number Barcode Date last seen Koha item type
    Dewey Decimal Classification     Central Library Central Library First floor 02/01/2018   657.3 FIN 000047070 15/07/2025 Book - Borrowing